000 01762cam a22001934a 4500
005 20250605164148.0
008 250528s ||||||||||||||||||||||||d
035 _a19275
020 _a960209382
040 _aGR-AtMCL
_bgre
_dGR-AtMCL
_eAACR2
245 1 _aΟι 7 Συνήθειες των Εξαιρετικά Αποτελεσματικών Άνθρωπων / Δραστικά Μαθήματα Προσωπικής Αλλαγής
260 _bΚλειδάριθμος,
_c2009
300 _a400
520 _aΜια ολιστική, ολοκληρωμένη, επικεντρωμένη σε αρχές προσέγγιση για την επίλυση προσωπικών και επαγγελματικών προβλημάτων. Παραδείγματα και Αρχές, Εκ των Έσω, Οι Επτά Συνήθειες - Μια Επισκόπηση, Ιδιωτική Νίκη, Να Είστε Επιδραστικός, Ξεκινήστε Έχοντας κατά Νου το Τέρμα, Προτεραιότητα στα Βασικά, Δημόσια Νίκη, Επιδιώξτε το Αμοιβαίο Όφελος, Επιδιώξτε Πρώτα να Κατανοήσετε και Μετά να Γίνετε Κατανοητός, Επιδιώξτε τη Συνεργασία, Ανανέωση, Ακονίστε το Πριόνι, Εκ των Έσω και Πάλι, Τρόποι Αντίληψης που Απορρέουν από Διάφορα Κέντρα, Η Εφαρμογή του 2ου Τεταρτημορίου σε μια Ημέρα στο Γραφείο, Ευρετήριο Προβλημάτων και Ευκαιριών, Ευρετήριο.
700 1 _aCovey Stephen R
_95507
942 _cBK
999 _c4539
_d4539